000 00458nam a2200181Ia 4500
001 20670
005 20260306172822.0
008 260306t2010||||xx |||||||||||||| ||spa||
041 _aESP
082 _a343.6
_bM44
100 _aMesias Montero, Federico
_eAUT
245 0 _aLos recursos procedimentales en la contratación estatal
260 _c2010
300 _a191 pƔginas :
_c24 cm.
650 _aGEN
654 _aCDE
942 _cLIB
_dJUS
_fJUS
_2ddc
_n
999 _c20670
_d20670